Flagi państw, w których znak STOP to PARE. - Statystyki

Ogólne statystyki
  • Ten quiz został rozwiązany 16 razy
  • Średni wynik to 11 z 12
Statystyki odpowiedzi
Obrazkowy Hint Odpowiedź % Poprawnych
Argentyna
100%
Brazylia
100%
Chile
100%
Kolumbia
100%
Wenezuela
100%
Ekwador
92%
(Flaga bez herbu) Peru
92%
(Flaga bez herbu) Boliwia
85%
Dominikana
85%
Urugwaj
85%
Paragwaj
77%
Gujana
69%
Nie znaleziono quizów pasujących do podanych kryteriów
Rozkład punktacji
Procent ludzi z każdym wynikiem
Percentyl według liczby udzielonych odpowiedzi
Twoja historia wyników
Nie rozwiązałeś tego quizu